Sports Quiz

Random Sports or Board Games Quiz

SBV Vitesse Internationals (1980-) Quiz Stats

 Plays Quiz not verified by Sporcle

Challenge
Share
Tweet
Embed
Score 0/15 Timer 07:00
0 Plays Today
Games for Holland (While at Vitesse) Player % Correct
2 (2)Theo Janssen
77.1%
43 (2)Roy Makaay
72.9%
3 (3)Edward Sturing
67.7%
46 (4)Pierre van Hooijdonk
61.5%
2 (2)John van den Brom
57.3%
8 (8)Marc van Hintum
57.3%
1 (1)Piet Velthuizen
57.3%
6 (1)Sander Westerveld
42.7%
Games for Holland (While at Vitesse) Player % Correct
6 (6)Victor Sikora
39.6%
2 (2)Martin Laamers
37.5%
4 (1)Glenn Helder
37.5%
1 (1)Bart Latuheru
34.4%
9 (2)Hans Gillhaus
31.3%
1 (1)Martijn Reuser
30.2%
2 (2)Ferdi Vierklau
22.9%

You're not logged in!

Compare scores with friends on all Sporcle quizzes.
Join for Free
OR
Log In

You Might Also Like...

Show Comments

Extras

Top Quizzes Today


Score Distribution

Your Account Isn't Verified!

In order to create a playlist on Sporcle, you need to verify the email address you used during registration. Go to your Sporcle Settings to finish the process.

Report this User

Report this user for behavior that violates our Community Guidelines.

Details: